駅利用者数ランキングTOP10(その他の都道府県) - Statistics

General Stats
  • This quiz has been taken 425 times
  • The average score is 112 of 270
Answer Stats
順位 駅名 利用者数 % Correct
2 青森 15764
90%
1 八戸 17012
89%
4 新青森 8780
87%
1 盛岡 42178
83%
3 弘前 10574
82%
1 秋田 19660
80%
1 福島 35716
80%
1 山形 19304
79%
2 郡山 32174
77%
1 高崎 65430
77%
2 前橋 18582
77%
4 花巻 6008
76%
1 新潟 66376
76%
1 富山 65093
76%
1 長野 53070
75%
3 いわき 9998
74%
1 金沢 109844
74%
2 長岡 21266
73%
1 甲府 26786
73%
2 一ノ関 7830
72%
2 松本 34200
72%
1 福井 42518
72%
3 北上 7336
71%
2 高岡 17647
71%
1 和歌山 40862
71%
1 鳥取 9060
71%
1 松江 6776
71%
2 米沢 3688
69%
7 新庄 2116
69%
8 会津若松 4328
69%
3 敦賀 5978
69%
1 下関 17280
69%
2 松山 14965
69%
2 米子 4900
68%
2 新山口 14996
68%
1 徳島 11334
68%
2 大曲 3644
67%
4 上田 14790
67%
1 高知 9245
67%
1 佐賀 23444
67%
2 大月 13136
66%
4 小松 7398
66%
2 出雲市 5716
66%
1 高松 21850
66%
4 新前橋 10928
65%
5 新高岡 4012
65%
1 熊本 40110
65%
10 酒田 1734
64%
3 伊勢崎 17380
64%
5 軽井沢 11466
64%
1 長崎 24886
64%
1 大分 33898
64%
1 宮崎 10876
64%
5 鹿児島 4336
64%
9 水沢 3184
63%
5 天童 2474
63%
4 新白河 5402
63%
4 岩国 10072
63%
5 新下関 9246
63%
1 鹿児島中央 44510
63%
8 鶴岡 2058
62%
6 加賀温泉 6438
62%
4 鯖江 4050
62%
5 今治 3846
62%
3 鳥栖 12950
62%
4 佐世保 6592
62%
8 桐生 6832
61%
6 塩尻 7816
61%
2 和歌山市 16611
61%
3 倉吉 3186
61%
1 松山市 27175
61%
2 別府 11242
61%
5 太田 10112
60%
7 太田 4485
60%
7 新鳥栖 3872
60%
4 さくらんぼ東根 2724
59%
7 新発田 6452
59%
3 徳山 13828
59%
2 諫早 11336
59%
9 八代 3801
59%
5 横手 2124
58%
8 鳴門 1502
58%
1 那覇空港 11990
58%
10 大館 1340
57%
10 山梨市 3110
57%
8 境港 874
57%
6 都城 1928
57%
6 かみのやま温泉 2394
56%
5 唐津 3970
56%
5 五所川原 1970
55%
5 新津 7572
55%
9 直江津 5880
55%
2 芦原温泉 6042
55%
5 大村 3840
55%
6 越後湯沢 6494
54%
5 武生 3932
54%
7 浜田 1168
54%
4 坂出 9134
54%
5 丸亀 7094
54%
6 武雄温泉 3906
54%
7 宮崎空港 1774
54%
7 上諏訪 7658
53%
9 佐久平 6288
53%
5 韮崎 4746
53%
6 野辺地 1966
52%
3 上野原 8344
52%
3 橋本 10587
52%
8 宇多津 4328
52%
9 多度津 3544
52%
2 川内 5669
52%
10 渋川 5726
51%
3 篠ノ井 17432
51%
4 石和温泉 5402
51%
4 魚津 4721
51%
3 中津 5112
51%
8 茅野 6704
50%
9 塩山 3180
50%
2 津幡 13984
50%
4 新居浜 3906
50%
3 北山形 3260
49%
9 須賀川 4038
49%
6 黒部宇奈月温泉 3512
49%
6 竜王 4608
48%
5 西金沢 7171
47%
5 紀伊 7764
47%
6 羽後本荘 2070
46%
6 館林 9789
46%
4 安来 1460
46%
2 南宮崎 3382
46%
8 野々市 4104
45%
3 阿南 2162
45%
7 伊予西条 2898
45%
2 県庁前 11264
45%
3 松任 7516
44%
9 3942
44%
10 宇和島 2580
44%
7 本八戸 1954
43%
6 4802
43%
7 高崎問屋町 7718
43%
8 海南 5604
43%
8 宍道 1002
43%
2 後免 3412
43%
8 玉名 4328
43%
4 白山 9390
41%
8 三沢 1874
39%
7 河口湖 4173
39%
4 鳥取大学前 3068
39%
6 防府 7120
39%
3 上熊本 8237
39%
10 滑川 2463
38%
3 高松築港 12862
38%
9 新町 6374
37%
7 阿波池田 1538
37%
4 水前寺 6852
37%
2 瓦町 14354
36%
2 新水前寺 15026
36%
3 日向市 2430
36%
10 首里 4212
36%
8 豊栄 6394
35%
3 国分 5258
35%
5 矢幅 5980
34%
7 安積永盛 4752
34%
7 東金沢 6334
34%
8 下松 4084
34%
3 浦上 7426
34%
3 土崎 3602
33%
4 追分 2972
33%
6 松江しんじ湖温泉 1271
32%
8 早岐 3136
32%
4 土佐山田 1584
31%
10 伊野 989
31%
3 おもろまち 9034
31%
3 亀田 9842
29%
8 丸岡 2000
29%
5 智頭 1323
29%
7 幡生 4502
28%
4 和歌山大学前 9174
27%
5 肥後大津 5956
27%
10 宇土 3638
27%
10 黒石 1594
26%
9 鷹ノ巣 1354
26%
10 湯本 3360
26%
6 道後温泉 3188
26%
9 高鍋 1548
26%
6 伊集院 4322
26%
7 仙北町 3232
25%
3 小杉 5279
25%
4 基山 8616
25%
5 鶴崎 3700
24%
9 浪岡 1608
23%
6 岩手飯岡 4258
23%
10 新潟大学前 5622
23%
9 森本 3326
23%
6 佐古 1724
23%
6 長与 3394
23%
4 谷山 5092
23%
7 南富山 3443
22%
6 別府大学 3430
22%
10 須坂 5888
21%
7 春江 2020
21%
8 神埼 2880
21%
8 南鹿児島 3679
21%
8 青山 3195
20%
9 蔵王 1952
20%
8 酒折 4136
20%
9 呉羽 2646
20%
9 森田 1630
20%
5 窪川 1397
20%
5 金谷川 4882
19%
7 林間田園都市 6303
19%
10 紀三井寺 4240
19%
7 1372
19%
10 吉野ヶ里公園 2498
19%
6 光の森 4998
19%
7 新屋 1662
18%
6 六十谷 6892
18%
8 亀川 2562
18%
4 佐土原 2272
18%
2 勝瑞 2412
17%
4 石井 2006
17%
2 バルーンさが 21646
17%
8 羽後牛島 1588
16%
8 大手町 2823
16%
3 朝倉 2006
16%
10 加治木 3340
16%
9 穴吹 1452
15%
10 田原町 1588
14%
6 湖山 1102
14%
10 小月 3402
14%
8 後免町 1186
14%
3 乃木 1676
13%
7 喜々津 3244
13%
8 南延岡 1622
13%
10 加賀笠間 3130
12%
6 美栄橋 5048
12%
9 後藤 866
11%
4 大在 4236
11%
4 旭橋 7196
11%
7 牧志 4984
11%
10 厨川 2987
10%
9 黒江 5054
10%
3 古町 4891
10%
10 清武 1204
10%
5 揖屋 1298
9%
5 鴨島 1850
9%
6 片原町 5353
9%
7 武蔵塚 4332
9%
5 小禄 6204
9%
9 安里 4434
9%
9 弥生が丘 2734
8%
7 高城 3166
8%
7 津ノ井 980
7%
9 雲州平田 936
7%
6 のいち 1373
7%
9 坂ノ市 2388
7%
8 越中中川 2662
6%
6 福大前西福井 2072
6%
10 荒島 720
6%
10 仏生山 3481
6%
9 高知商業前 1094
6%
9 本諫早 2306
6%
5 日向住吉 2070
6%
9 上伊集院 3406
6%
8 古島 4636
6%
10 末恒 854
5%
10 羽ノ浦 1404
5%
10 暘谷 2132
5%
10 道ノ尾 2254
4%
7 坂之上 3734
4%
9 久米 2787
1%
No matching quizzes found
Score Distribution
Percent of People with Each Score
Percentile by Number Answered
Your Score History
You have not taken this quiz